000 00583cam a2200205 4500
001 J118791
008 020712n2002 000 0 eng u
035 _a(Sirsi) u118791
041 0 _aeng
050 0 4 _a333.0062 $2 18
110 2 _aRoyal Institution of Chartered Surveyors
_bFinance
_95107
245 0 0 _aAnnual review and summary
_bfinancial statements
260 _aLondon
_bRICS
_c2002
300 _a10p.
_c30cm.
490 0 _aRICS Annual Report
490 0 _aRICS Financial Statements
651 4 _aInternational
690 _aABOUT RICS-RICS ANNUAL REPORT
942 _n0
999 _c102178
_d102178